[Event "Deutsche Ländermeisterschaft 2023"]
[Site "Hannover GER"]
[Date "2023.10.01"]
[Round "1"]
[White "Udelnov, Valentin"]
[Black "Burkart, Lloyd Shang"]
[Result "1/2-1/2"]
[Termination "normal"]
[Board "2.4"]
[WhiteElo "2054"]
[BlackElo "2027"]
[WhiteClock "00:01:35"]
[BlackClock "00:01:46"]
[WhiteTeam "Sachsen-Anhalt"]
[BlackTeam "Hessen"]
[PlyCount "126"]
[WhiteFideId "16265734"]
[BlackFideId "16239059"]
[EventCountry "GER"]
[EventRounds "7"]
[EventType "team-swiss"]
[EventDate "2023.09.30"]

1. e4 {[%clk 01:30:56]} {[%emt 00:00:03]} c5 {[%clk 01:30:52]} {[%emt
00:00:08]} 2. Nf3 {[%clk 01:31:21]} {[%emt 00:00:05]} d6 {[%clk 01:31:18]}
{[%emt 00:00:05]} 3. d4 {[%clk 01:31:48]} {[%emt 00:00:03]} cxd4 {[%clk
01:31:43]} {[%emt 00:00:05]} 4. Qxd4 {[%clk 01:32:14]} {[%emt 00:00:04]} Nc6
{[%clk 01:23:48]} {[%emt 00:08:25]} 5. Bb5 {[%clk 01:32:32]} {[%emt 00:00:11]}
a6 {[%clk 01:19:26]} {[%emt 00:04:52]} 6. Bxc6+ {[%clk 01:32:51]} {[%emt
00:00:12]} bxc6 {[%clk 01:19:52]} {[%emt 00:00:05]} 7. c4 {[%clk 01:30:20]}
{[%emt 00:03:00]} e5 {[%clk 01:17:57]} {[%emt 00:02:25]} 8. Qd3 {[%clk
01:28:33]} {[%emt 00:02:17]} Be7 {[%clk 01:15:18]} {[%emt 00:03:10]} 9. O-O
{[%clk 01:25:44]} {[%emt 00:03:19]} Nf6 {[%clk 01:13:00]} {[%emt 00:02:47]} 10.
Nc3 {[%clk 01:25:01]} {[%emt 00:01:13]} O-O {[%clk 01:11:34]} {[%emt 00:01:57]}
11. h3 {[%clk 01:23:27]} {[%emt 00:02:04]} h6 {[%clk 01:04:10]} {[%emt
00:07:54]} 12. Rd1 {[%clk 01:17:59]} {[%emt 00:05:58]} Be6 {[%clk 01:02:55]}
{[%emt 00:01:45]} 13. b3 {[%clk 01:10:16]} {[%emt 00:08:14]} Qc7 {[%clk
00:59:40]} {[%emt 00:03:44]} 14. Bb2 {[%clk 00:53:09]} {[%emt 00:17:37]} Rfd8
{[%clk 00:58:12]} {[%emt 00:01:57]} 15. Rac1 {[%clk 00:53:23]} {[%emt
00:00:17]} Qb8 {[%clk 00:45:53]} {[%emt 00:12:49]} 16. Ba3 {[%clk 00:48:40]}
{[%emt 00:05:13]} Bf8 {[%clk 00:43:44]} {[%emt 00:02:39]} 17. Qe2 {[%clk
00:39:04]} {[%emt 00:10:06]} Nd7 {[%clk 00:32:39]} {[%emt 00:11:34]} 18. Na4
{[%clk 00:34:36]} {[%emt 00:04:59]} c5 {[%clk 00:20:43]} {[%emt 00:12:25]} 19.
Nc3 {[%clk 00:13:45]} {[%emt 00:21:22]} Nb6 {[%clk 00:19:52]} {[%emt 00:01:20]}
20. Nd2 {[%clk 00:13:20]} {[%emt 00:00:55]} Qc7 {[%clk 00:17:01]} {[%emt
00:03:21]} 21. Nf1 {[%clk 00:12:49]} {[%emt 00:01:01]} Be7 {[%clk 00:14:26]}
{[%emt 00:03:05]} 22. Rd3 {[%clk 00:09:59]} {[%emt 00:03:20]} f5 {[%clk
00:10:52]} {[%emt 00:04:03]} 23. Ne3 {[%clk 00:06:11]} {[%emt 00:04:18]} f4
{[%clk 00:06:28]} {[%emt 00:04:55]} 24. Ned5 {[%clk 00:06:32]} {[%emt
00:00:09]} Nxd5 {[%clk 00:05:15]} {[%emt 00:01:43]} 25. Nxd5 {[%clk 00:06:58]}
{[%emt 00:00:04]} Bxd5 {[%clk 00:04:52]} {[%emt 00:00:53]} 26. Rxd5 {[%clk
00:07:23]} {[%emt 00:00:05]} Qa5 {[%clk 00:04:58]} {[%emt 00:00:23]} 27. Qb2
{[%clk 00:05:43]} {[%emt 00:02:10]} Rab8 {[%clk 00:05:12]} {[%emt 00:00:16]}
28. Rb1 {[%clk 00:04:56]} {[%emt 00:01:18]} h5 {[%clk 00:02:20]} {[%emt
00:03:21]} 29. b4 {[%clk 00:00:57]} {[%emt 00:04:29]} Qc7 {[%clk 00:02:39]}
{[%emt 00:00:11]} 30. Qc3 {[%clk 00:00:43]} {[%emt 00:00:45]} cxb4 {[%clk
00:00:52]} {[%emt 00:02:16]} 31. Rxb4 {[%clk 00:00:38]} {[%emt 00:00:34]} Rxb4
{[%clk 00:00:57]} {[%emt 00:00:26]} 32. Bxb4 {[%clk 00:01:04]} {[%emt
00:00:04]} Rc8 {[%clk 00:00:38]} {[%emt 00:00:49]} 33. c5 {[%clk 00:00:39]}
{[%emt 00:00:55]} dxc5 {[%clk 00:00:47]} {[%emt 00:00:21]} 34. Qc4 {[%clk
00:00:51]} {[%emt 00:00:18]} Kh8 {[%clk 00:00:39]} {[%emt 00:00:38]} 35. Bc3
{[%clk 00:01:15]} {[%emt 00:00:06]} Bf6 {[%clk 00:00:41]} {[%emt 00:00:28]} 36.
Qxa6 {[%clk 00:01:12]} {[%emt 00:00:33]} Rb8 {[%clk 00:00:37]} {[%emt
00:00:34]} 37. Ba5 {[%clk 00:00:54]} {[%emt 00:00:48]} Qb7 {[%clk 00:00:36]}
{[%emt 00:00:31]} 38. Qxb7 {[%clk 00:00:51]} {[%emt 00:00:33]} Rxb7 {[%clk
00:01:05]} 39. Rxc5 {[%clk 00:01:12]} {[%emt 00:00:09]} Rb1+ {[%clk 00:01:13]}
{[%emt 00:00:22]} 40. Kh2 {[%clk 00:01:36]} {[%emt 00:00:06]} Rb2 {[%clk
00:01:30]} {[%emt 00:00:13]} 41. Bc3 {[%clk 00:14:27]} {[%emt 00:17:38]} Rxf2
{[%clk 00:27:06]} {[%emt 00:04:54]} 42. Bxe5 {[%clk 00:12:50]} {[%emt
00:02:07]} Bxe5 {[%clk 00:26:11]} {[%emt 00:01:26]} 43. Rxe5 {[%clk 00:13:15]}
{[%emt 00:00:05]} g6 {[%clk 00:26:25]} {[%emt 00:00:16]} 44. Rg5 {[%clk
00:06:37]} {[%emt 00:07:08]} Kg7 {[%clk 00:25:59]} {[%emt 00:00:55]} 45. a4
{[%clk 00:06:06]} {[%emt 00:01:02]} Re2 {[%clk 00:24:40]} {[%emt 00:01:49]} 46.
Kg1 {[%clk 00:05:24]} {[%emt 00:01:12]} Rxe4 {[%clk 00:24:15]} {[%emt
00:00:54]} 47. a5 {[%clk 00:05:42]} {[%emt 00:00:13]} Re2 {[%clk 00:23:33]}
{[%emt 00:01:12]} 48. h4 {[%clk 00:03:54]} {[%emt 00:02:19]} Ra2 {[%clk
00:23:36]} {[%emt 00:00:26]} 49. Kf1 {[%clk 00:03:33]} {[%emt 00:00:50]} Kf6
{[%clk 00:20:02]} {[%emt 00:04:04]} 50. Rb5 {[%clk 00:03:57]} {[%emt 00:00:07]}
Kf7 {[%clk 00:18:13]} {[%emt 00:02:19]} 51. Rb7+ {[%clk 00:03:57]} {[%emt
00:00:30]} Kf6 {[%clk 00:16:35]} {[%emt 00:02:07]} 52. Rb6+ {[%clk 00:03:45]}
{[%emt 00:00:43]} Kf5 {[%clk 00:12:39]} {[%emt 00:04:27]} 53. a6 {[%clk
00:03:39]} {[%emt 00:00:36]} Ra1+ {[%clk 00:12:36]} {[%emt 00:00:32]} 54. Kf2
{[%clk 00:03:42]} {[%emt 00:00:28]} Ra2+ {[%clk 00:09:28]} {[%emt 00:03:38]}
55. Kf3 {[%clk 00:04:05]} {[%emt 00:00:08]} Ra5 {[%clk 00:03:55]} {[%emt
00:06:03]} 56. Rd6 {[%clk 00:01:58]} {[%emt 00:02:37]} g5 {[%clk 00:02:46]}
{[%emt 00:01:38]} 57. hxg5 {[%clk 00:02:23]} {[%emt 00:00:05]} Ra3+ {[%clk
00:03:14]} {[%emt 00:00:02]} 58. Ke2 {[%clk 00:01:56]} {[%emt 00:00:56]} Kxg5
{[%clk 00:03:41]} {[%emt 00:00:04]} 59. Kd2 {[%clk 00:01:34]} {[%emt 00:00:52]}
Ra2+ {[%clk 00:02:19]} {[%emt 00:01:51]} 60. Kd3 {[%clk 00:02:00]} {[%emt
00:00:04]} Rxg2 {[%clk 00:01:33]} {[%emt 00:01:16]} 61. Rd5+ {[%clk 00:02:19]}
{[%emt 00:00:11]} Kh4 {[%clk 00:01:07]} {[%emt 00:00:55]} 62. Ra5 {[%clk
00:02:30]} {[%emt 00:00:19]} Rg8 {[%clk 00:01:19]} {[%emt 00:00:18]} 63. a7
{[%clk 00:01:35]} {[%emt 00:01:25]} Ra8 {[%clk 00:01:46]} {[%emt 00:00:03]}
1/2-1/2

[Event "Deutsche Ländermeisterschaft 2023"]
[Site "Hannover GER"]
[Date "2023.10.01"]
[Round "1"]
[White "Buchholz, Maja Patricia"]
[Black "Pohle, Saskia"]
[Result "1-0"]
[Termination "normal"]
[Board "2.5"]
[WhiteElo "1858"]
[BlackElo "1849"]
[WhiteClock "00:05:54"]
[BlackClock "00:04:37"]
[WhiteTeam "Hessen"]
[BlackTeam "Sachsen-Anhalt"]
[PlyCount "61"]
[WhiteFideId "16200500"]
[BlackFideId "16201604"]
[EventCountry "GER"]
[EventRounds "7"]
[EventType "team-swiss"]
[EventDate "2023.09.30"]

1. c4 {[%clk 01:30:56]} {[%emt 00:00:04]} Nf6 {[%clk 01:30:54]} {[%emt
00:00:06]} 2. g3 {[%clk 01:31:18]} {[%emt 00:00:08]} e6 {[%clk 01:31:12]}
{[%emt 00:00:12]} 3. Bg2 {[%clk 01:31:39]} {[%emt 00:00:09]} d5 {[%clk
01:31:22]} {[%emt 00:00:20]} 4. Nf3 {[%clk 01:31:57]} {[%emt 00:00:13]} Be7
{[%clk 01:31:26]} {[%emt 00:00:26]} 5. O-O {[%clk 01:32:10]} {[%emt 00:00:16]}
O-O {[%clk 01:31:48]} {[%emt 00:00:08]} 6. b3 {[%clk 01:32:17]} {[%emt
00:00:23]} c5 {[%clk 01:31:01]} {[%emt 00:01:17]} 7. cxd5 {[%clk 01:32:19]}
{[%emt 00:00:27]} Nxd5 {[%clk 01:29:33]} {[%emt 00:01:58]} 8. Bb2 {[%clk
01:29:47]} {[%emt 00:03:02]} Nc6 {[%clk 01:27:27]} {[%emt 00:02:36]} 9. d4
{[%clk 01:26:39]} {[%emt 00:03:38]} cxd4 {[%clk 01:19:59]} {[%emt 00:07:58]}
10. Nxd4 {[%clk 01:26:53]} {[%emt 00:00:15]} Nxd4 {[%clk 01:17:28]} {[%emt
00:03:01]} 11. Qxd4 {[%clk 01:26:20]} {[%emt 00:01:04]} Bf6 {[%clk 01:17:46]}
{[%emt 00:00:12]} 12. Qd2 {[%clk 01:26:35]} {[%emt 00:00:15]} b6 {[%clk
01:00:18]} {[%emt 00:17:58]} 13. Rd1 {[%clk 01:00:46]} {[%emt 00:26:19]} Bb7
{[%clk 00:57:26]} {[%emt 00:03:22]} 14. Na3 {[%clk 00:40:35]} {[%emt 00:20:42]}
Qe7 {[%clk 00:51:29]} {[%emt 00:06:26]} 15. e4 {[%clk 00:35:57]} {[%emt
00:05:08]} Bxb2 {[%clk 00:47:28]} {[%emt 00:04:31]} 16. Qxb2 {[%clk 00:36:16]}
{[%emt 00:00:11]} Nb4 {[%clk 00:42:47]} {[%emt 00:05:11]} 17. Nc4 {[%clk
00:34:12]} {[%emt 00:02:34]} Rfd8 {[%clk 00:37:13]} {[%emt 00:06:04]} 18. a3
{[%clk 00:28:14]} {[%emt 00:06:28]} Nc6 {[%clk 00:26:28]} {[%emt 00:11:15]} 19.
e5 {[%clk 00:25:36]} {[%emt 00:03:07]} f6 {[%clk 00:23:15]} {[%emt 00:03:43]}
20. Nd6 {[%clk 00:19:52]} {[%emt 00:06:14]} fxe5 {[%clk 00:19:46]} {[%emt
00:03:59]} 21. Nxb7 {[%clk 00:19:21]} {[%emt 00:01:01]} Qxb7 {[%clk 00:19:37]}
{[%emt 00:00:39]} 22. Rxd8+ {[%clk 00:18:10]} {[%emt 00:01:41]} Rxd8 {[%clk
00:19:57]} {[%emt 00:00:10]} 23. Rc1 {[%clk 00:18:21]} {[%emt 00:00:19]} Rd6
{[%clk 00:14:28]} {[%emt 00:05:59]} 24. Qc3 {[%clk 00:16:56]} {[%emt 00:01:55]}
Qa6 {[%clk 00:13:09]} {[%emt 00:01:49]} 25. Bxc6 {[%clk 00:16:18]} {[%emt
00:01:09]} Qxa3 {[%clk 00:13:25]} {[%emt 00:00:13]} 26. Be4 {[%clk 00:10:47]}
{[%emt 00:06:01]} Rd8 {[%clk 00:10:54]} {[%emt 00:03:02]} 27. Qc7 {[%clk
00:09:36]} {[%emt 00:01:40]} Rf8 {[%clk 00:10:08]} {[%emt 00:01:16]} 28. Rc2
{[%clk 00:06:37]} {[%emt 00:03:28]} Qxb3 {[%clk 00:08:04]} {[%emt 00:02:35]}
29. Qxe5 {[%clk 00:06:51]} {[%emt 00:00:16]} a5 {[%clk 00:04:45]} {[%emt
00:03:49]} 30. Rc7 {[%clk 00:06:17]} {[%emt 00:01:05]} Rf7 {[%clk 00:04:37]}
{[%emt 00:00:39]} 31. Bxh7+ {[%clk 00:05:54]} {[%emt 00:00:53]} 1-0

[Event "Deutsche Ländermeisterschaft 2023"]
[Site "Hannover GER"]
[Date "2023.10.01"]
[Round "1"]
[White "Voigt, Anastasia"]
[Black "Mester, Philipp"]
[Result "1-0"]
[Termination "normal"]
[Board "2.6"]
[WhiteElo "1925"]
[BlackElo "1787"]
[WhiteClock "00:22:42"]
[BlackClock "00:16:19"]
[WhiteTeam "Sachsen-Anhalt"]
[BlackTeam "Hessen"]
[PlyCount "37"]
[WhiteFideId "16235223"]
[BlackFideId "34624902"]
[EventCountry "GER"]
[EventRounds "7"]
[EventType "team-swiss"]
[EventDate "2023.09.30"]

1. e4 {[%clk 01:30:58]} e5 {[%clk 01:30:53]} {[%emt 00:00:08]} 2. Nf3 {[%clk
01:31:23]} {[%emt 00:00:06]} Nc6 {[%clk 01:31:17]} {[%emt 00:00:06]} 3. Bc4
{[%clk 01:31:47]} {[%emt 00:00:05]} Bc5 {[%clk 01:31:37]} {[%emt 00:00:10]} 4.
c3 {[%clk 01:32:09]} {[%emt 00:00:09]} Nf6 {[%clk 01:31:59]} {[%emt 00:00:07]}
5. d3 {[%clk 01:32:02]} {[%emt 00:00:39]} a6 {[%clk 01:31:41]} {[%emt
00:00:49]} 6. Nbd2 {[%clk 01:31:44]} {[%emt 00:00:46]} Ba7 {[%clk 01:31:17]}
{[%emt 00:00:55]} 7. Nf1 {[%clk 01:30:04]} {[%emt 00:02:09]} d5 {[%clk
01:27:55]} {[%emt 00:03:53]} 8. exd5 {[%clk 01:28:26]} {[%emt 00:02:07]} Nxd5
{[%clk 01:27:08]} {[%emt 00:01:17]} 9. Ng3 {[%clk 01:27:39]} {[%emt 00:01:17]}
O-O {[%clk 01:21:20]} {[%emt 00:06:18]} 10. O-O {[%clk 01:27:03]} {[%emt
00:01:06]} Kh8 {[%clk 01:11:05]} {[%emt 00:10:46]} 11. Re1 {[%clk 01:22:55]}
{[%emt 00:04:38]} f6 {[%clk 01:05:40]} {[%emt 00:05:56]} 12. a4 {[%clk
01:20:44]} {[%emt 00:02:40]} Be6 {[%clk 01:03:24]} {[%emt 00:02:45]} 13. Re4
{[%clk 01:05:48]} {[%emt 00:15:26]} f5 {[%clk 00:37:12]} {[%emt 00:26:44]} 14.
Rh4 {[%clk 00:40:49]} {[%emt 00:25:27]} Bg8 {[%clk 00:34:21]} {[%emt 00:03:23]}
15. Ng5 {[%clk 00:32:47]} {[%emt 00:08:31]} f4 {[%clk 00:29:22]} {[%emt
00:05:29]} 16. N3e4 {[%clk 00:32:17]} {[%emt 00:00:59]} Nf6 {[%clk 00:24:08]}
{[%emt 00:05:45]} 17. Bxg8 {[%clk 00:27:34]} {[%emt 00:05:13]} Kxg8 {[%clk
00:16:17]} {[%emt 00:08:21]} 18. Nxf6+ {[%clk 00:23:50]} {[%emt 00:04:14]} gxf6
{[%clk 00:16:19]} {[%emt 00:00:29]} 19. Qb3+ {[%clk 00:22:42]} {[%emt
00:01:37]} 1-0

[Event "Deutsche Ländermeisterschaft 2023"]
[Site "Hannover GER"]
[Date "2023.10.01"]
[Round "1"]
[White "Bezsonna, Polina"]
[Black "Shevchenko, Igor"]
[Result "0-1"]
[Termination "normal"]
[Board "2.7"]
[WhiteElo "1783"]
[BlackElo "1521"]
[WhiteClock "00:14:45"]
[BlackClock "00:30:13"]
[WhiteTeam "Hessen"]
[BlackTeam "Sachsen-Anhalt"]
[PlyCount "120"]
[WhiteFideId "14191156"]
[BlackFideId "34634924"]
[EventCountry "GER"]
[EventRounds "7"]
[EventType "team-swiss"]
[EventDate "2023.09.30"]

1. e4 {[%clk 01:30:57]} {[%emt 00:00:01]} c6 {[%clk 01:30:57]} {[%emt
00:00:03]} 2. d4 {[%clk 01:31:20]} {[%emt 00:00:07]} d5 {[%clk 01:31:11]}
{[%emt 00:00:16]} 3. e5 {[%clk 01:31:43]} {[%emt 00:00:07]} Bf5 {[%clk
01:31:21]} {[%emt 00:00:20]} 4. h4 {[%clk 01:32:02]} {[%emt 00:00:12]} h5
{[%clk 01:31:33]} {[%emt 00:00:18]} 5. Bd3 {[%clk 01:32:11]} {[%emt 00:00:20]}
Bxd3 {[%clk 01:30:56]} {[%emt 00:01:07]} 6. Qxd3 {[%clk 01:32:32]} {[%emt
00:00:10]} e6 {[%clk 01:30:44]} {[%emt 00:00:42]} 7. Nf3 {[%clk 01:31:03]}
{[%emt 00:01:58]} Nd7 {[%clk 01:29:47]} {[%emt 00:01:27]} 8. Nbd2 {[%clk
01:21:32]} {[%emt 00:10:02]} Ne7 {[%clk 01:25:17]} {[%emt 00:05:00]} 9. c4
{[%clk 01:13:46]} {[%emt 00:08:15]} Qc7 {[%clk 01:23:24]} {[%emt 00:02:23]} 10.
O-O {[%clk 01:09:02]} {[%emt 00:05:14]} Nf5 {[%clk 01:17:27]} {[%emt 00:06:27]}
11. cxd5 {[%clk 01:04:52]} {[%emt 00:04:41]} cxd5 {[%clk 01:17:16]} {[%emt
00:00:42]} 12. Nb3 {[%clk 01:04:20]} {[%emt 00:01:02]} Be7 {[%clk 01:16:07]}
{[%emt 00:01:38]} 13. g3 {[%clk 00:57:00]} {[%emt 00:07:50]} O-O {[%clk
01:11:54]} {[%emt 00:04:43]} 14. Bd2 {[%clk 00:54:15]} {[%emt 00:03:16]} Rac8
{[%clk 01:08:24]} {[%emt 00:04:00]} 15. Rac1 {[%clk 00:54:00]} {[%emt
00:00:45]} Qb8 {[%clk 01:08:24]} {[%emt 00:00:29]} 16. Ba5 {[%clk 00:43:19]}
{[%emt 00:11:12]} b6 {[%clk 01:07:41]} {[%emt 00:01:14]} 17. Bd2 {[%clk
00:43:37]} {[%emt 00:00:12]} Qb7 {[%clk 00:56:46]} {[%emt 00:11:25]} 18. Qb5
{[%clk 00:39:03]} {[%emt 00:05:05]} Nb8 {[%clk 00:40:46]} {[%emt 00:16:30]} 19.
Na5 {[%clk 00:23:07]} {[%emt 00:16:26]} Qa8 {[%clk 00:39:36]} {[%emt 00:01:40]}
20. Nb3 {[%clk 00:20:05]} {[%emt 00:03:32]} Nc6 {[%clk 00:37:47]} {[%emt
00:02:18]} 21. Rc2 {[%clk 00:16:59]} {[%emt 00:03:38]} Nxe5 {[%clk 00:34:06]}
{[%emt 00:04:11]} 22. Nxe5 {[%clk 00:14:30]} {[%emt 00:02:59]} Rxc2 {[%clk
00:34:19]} {[%emt 00:00:17]} 23. Bc3 {[%clk 00:14:45]} {[%emt 00:00:16]} Rc8
{[%clk 00:32:03]} {[%emt 00:02:43]} 24. Qd3 {[%emt 00:00:43]} R2xc3 25. bxc3
Bd6 26. Rc1 Bxe5 27. dxe5 Qc6 28. Nd2 b5 29. Kh2 b4 30. c4 Qc5 31. Kg2 a5 32.
Nb3 dxc4 33. Nxc5 cxd3 34. Nxd3 Rxc1 35. Nxc1 Nd4 36. Nd3 Kf8 37. Kf1 Ke7 38.
Ke1 Kd7 39. Kd2 Kc6 40. Ke3 Kd5 41. Nb2 Nc6 42. f4 f6 43. exf6 gxf6 44. Na4 e5
45. Nb6+ Ke6 46. Ke4 f5+ 47. Ke3 e4 48. Na4 Kd6 49. Nb6 Ke6 50. Na4 Kd5 51.
Nb6+ Kd6 52. Na4 Ne7 53. Kd4 Nc6+ 54. Ke3 Kd5 55. Nb6+ Kc5 56. Nd7+ Kc4 57. Nf6
a4 58. Nxh5 b3 59. axb3+ Kxb3 60. Nf6 a3 {[%clk 00:30:13]} 0-1

[Event "Deutsche Ländermeisterschaft 2023"]
[Site "Hannover GER"]
[Date "2023.10.01"]
[Round "1"]
[White "Rössling, Laura Marie"]
[Black "Wolf, Helena"]
[Result "1-0"]
[Termination "normal"]
[Board "2.8"]
[WhiteElo "1285"]
[BlackElo "1155"]
[WhiteClock "00:09:40"]
[BlackClock "00:08:22"]
[WhiteTeam "Sachsen-Anhalt"]
[BlackTeam "Hessen"]
[PlyCount "83"]
[WhiteFideId "16289471"]
[BlackFideId "34671030"]
[EventCountry "GER"]
[EventRounds "7"]
[EventType "team-swiss"]
[EventDate "2023.09.30"]

1. e4 {[%clk 01:30:56]} {[%emt 00:00:03]} e5 {[%clk 01:30:56]} {[%emt
00:00:05]} 2. Nf3 {[%clk 01:31:18]} {[%emt 00:00:07]} Nc6 {[%clk 01:31:17]}
{[%emt 00:00:10]} 3. Bc4 {[%clk 01:31:38]} {[%emt 00:00:09]} Nf6 {[%clk
01:31:40]} {[%emt 00:00:06]} 4. d3 {[%clk 01:31:49]} {[%emt 00:00:19]} d6
{[%clk 01:31:46]} {[%emt 00:00:25]} 5. O-O {[%clk 01:27:21]} {[%emt 00:04:57]}
Bg4 {[%clk 01:29:11]} {[%emt 00:03:05]} 6. c3 {[%clk 01:16:55]} {[%emt
00:10:56]} Be7 {[%clk 01:15:51]} {[%emt 00:13:50]} 7. Re1 {[%clk 01:07:41]}
{[%emt 00:09:43]} d5 {[%clk 00:57:16]} {[%emt 00:19:06]} 8. exd5 {[%clk
00:57:03]} {[%emt 00:11:07]} Nxd5 {[%clk 00:57:25]} {[%emt 00:00:22]} 9. Nbd2
{[%clk 00:48:40]} {[%emt 00:08:47]} O-O {[%clk 00:57:00]} {[%emt 00:01:01]} 10.
Nf1 {[%clk 00:46:10]} {[%emt 00:02:56]} Bf6 {[%clk 00:53:36]} {[%emt 00:03:58]}
11. h3 {[%clk 00:44:04]} {[%emt 00:02:35]} Bh5 {[%clk 00:53:07]} {[%emt
00:00:59]} 12. Ng3 {[%clk 00:43:43]} {[%emt 00:00:51]} Bg6 {[%clk 00:52:55]}
{[%emt 00:00:42]} 13. Ne4 {[%clk 00:39:00]} {[%emt 00:05:13]} Be7 {[%clk
00:47:35]} {[%emt 00:05:50]} 14. d4 {[%clk 00:32:18]} {[%emt 00:07:12]} Bxe4
{[%clk 00:31:59]} {[%emt 00:16:05]} 15. Rxe4 {[%clk 00:29:08]} {[%emt
00:03:40]} Nf6 {[%clk 00:32:08]} {[%emt 00:00:20]} 16. Re1 {[%clk 00:29:10]}
{[%emt 00:00:29]} e4 {[%clk 00:31:13]} {[%emt 00:01:26]} 17. Ng5 {[%clk
00:28:40]} {[%emt 00:01:00]} Qd7 {[%clk 00:26:29]} {[%emt 00:05:14]} 18. Nxe4
{[%clk 00:27:38]} {[%emt 00:01:32]} Rad8 {[%clk 00:22:55]} {[%emt 00:04:03]}
19. Nxf6+ {[%clk 00:27:19]} {[%emt 00:00:49]} Bxf6 {[%clk 00:23:14]} {[%emt
00:00:11]} 20. Bf4 {[%clk 00:27:14]} {[%emt 00:00:30]} Rfe8 {[%clk 00:22:36]}
{[%emt 00:01:14]} 21. Qh5 {[%clk 00:23:45]} {[%emt 00:03:38]} Re7 {[%clk
00:19:32]} {[%emt 00:03:55]} 22. Bg5 {[%clk 00:21:57]} {[%emt 00:02:17]} Bxg5
{[%clk 00:19:42]} {[%emt 00:00:21]} 23. Qxg5 {[%clk 00:22:14]} {[%emt
00:00:13]} Rde8 {[%clk 00:19:51]} {[%emt 00:00:21]} 24. Rxe7 {[%clk 00:22:02]}
{[%emt 00:00:41]} Qxe7 {[%clk 00:20:02]} {[%emt 00:00:19]} 25. Qg3 {[%clk
00:21:48]} {[%emt 00:00:39]} Na5 {[%clk 00:19:33]} {[%emt 00:01:00]} 26. Bd3
{[%clk 00:21:30]} {[%emt 00:00:47]} Rd8 {[%clk 00:19:21]} {[%emt 00:00:48]} 27.
Bc2 {[%clk 00:17:55]} {[%emt 00:03:58]} Nc4 {[%clk 00:18:52]} {[%emt 00:01:06]}
28. Qd3 {[%clk 00:17:30]} {[%emt 00:00:56]} Qe6 {[%clk 00:15:50]} {[%emt
00:03:31]} 29. Qxh7+ {[%clk 00:16:18]} {[%emt 00:01:42]} Kf8 {[%clk 00:16:11]}
{[%emt 00:00:09]} 30. Qh8+ {[%clk 00:15:53]} {[%emt 00:00:50]} Ke7 {[%clk
00:16:36]} {[%emt 00:00:11]} 31. Qxg7 {[%clk 00:16:04]} {[%emt 00:00:18]} Rd6
{[%clk 00:12:56]} {[%emt 00:04:11]} 32. Qg5+ {[%clk 00:14:39]} {[%emt
00:01:48]} Qf6 {[%clk 00:12:38]} {[%emt 00:00:54]} 33. Re1+ {[%clk 00:12:35]}
{[%emt 00:02:35]} Kd7 {[%clk 00:12:37]} {[%emt 00:00:32]} 34. Qb5+ {[%clk
00:12:12]} {[%emt 00:00:49]} c6 {[%clk 00:11:34]} {[%emt 00:01:36]} 35. Qxc4
{[%clk 00:12:05]} {[%emt 00:00:37]} Kc7 {[%clk 00:11:47]} {[%emt 00:00:17]} 36.
Qd3 {[%clk 00:09:35]} {[%emt 00:02:44]} c5 {[%clk 00:09:43]} {[%emt 00:02:51]}
37. Qc4 {[%clk 00:09:09]} {[%emt 00:00:56]} b6 {[%clk 00:09:01]} {[%emt
00:01:12]} 38. dxc5 {[%clk 00:09:27]} {[%emt 00:00:11]} bxc5 {[%clk 00:09:17]}
{[%emt 00:00:14]} 39. Qxc5+ {[%clk 00:09:47]} {[%emt 00:00:09]} Rc6 {[%clk
00:09:36]} {[%emt 00:00:11]} 40. Qxa7+ {[%clk 00:09:45]} {[%emt 00:00:33]} Kd6
{[%clk 00:09:13]} {[%emt 00:00:53]} 41. Rd1+ {[%clk 00:09:46]} {[%emt
00:00:29]} Ke5 {[%clk 00:08:22]} {[%emt 00:01:21]} 42. Qe3# {[%clk 00:09:40]}
{[%emt 00:00:36]} 1-0